| 000 | 00754nam a2200229 a 4500 | ||
|---|---|---|---|
| 999 |
_c10959 _d10959 |
||
| 001 | 10959 | ||
| 003 | BD-JhCC | ||
| 005 | 20211025134021.0 | ||
| 008 | 190708s2010 bg |||| |||| 000 0 ben d | ||
| 020 | _a9789848844168 | ||
| 035 | _a(BD-JhCC)10959 | ||
| 040 |
_aBD-JhCC _dBD-JhCC |
||
| 041 | _aben | ||
| 082 |
_a891.443 _bROY 2010 |
||
| 100 | _aরায়, সত্যজিৎ | ||
| 245 |
_aসত্যজিৎ রচনাবলী / _cসত্যজিৎ রায় ও সম্পা. ধ্রুব এষ |
||
| 260 |
_aঢাকা : _bনালন্দা, _c২০১০. |
||
| 300 |
_aখন্ড : ১-৯ _c২০ সেমি. |
||
| 650 | _aCollection of novel | ||
| 700 | _aএষ, ধ্রুব | ||
| 942 |
_2ddc _cBK _03 |
||